Statistics for Countries With The Most IKEAs

Click here to take the quiz!

General Stats

  • This quiz has been taken 381 times
  • The average score is 12 of 16

Answer Stats

#Country% Correct
48United States
99%
20Sweden
97%
53Germany
93%
21United Kingdom
93%
33France
91%
14Canada
87%
20Spain
85%
26China
81%
21Italy
81%
14Russia
80%
9Japan
69%
11Poland
65%
10Australia
59%
13Netherlands
49%
8Belgium
41%
9Switzerland
31%

Score Distribution

Percentile by Number Answered

Percent of People with Each Score

Your Score History

You have not taken this quiz